Normal view
MARC view
- Spark
Entry Personal Name
001 - CONTROL NUMBER
- control field: 5827
003 - CONTROL NUMBER IDENTIFIER
- control field: OSt
005 - DATE AND TIME OF LATEST TRANSACTION
- control field: 20180206143859.0
008 - FIXED-LENGTH DATA ELEMENTS
- fixed length control field: 180206|| aca||aabn | a|a d
040 ## - CATALOGING SOURCE
- Original cataloging agency: OSt
- Transcribing agency: OSt
100 ## - HEADING--PERSONAL NAME
- Personal name: Spark
670 ## - SOURCE DATA FOUND
- Source citation: Work cat.: (OSt): Spark, No Fear Shakespeare: The Merchant of Venice, 2005